000 00900nam a2200253 a 4500
001 000023379
005 20200930022158.0
008 101206s1969 ag 000 0 spa d
040 _aDO-SdBNP
_bspa
_cBNPHU
082 _ann*
_bnn*
100 1 _aYauch, W. A.
_948158
240 1 0 _aTeacher´s encyclopedia.
_lEspañol
245 1 4 _aLas relaciones humanas y la escuela /
_cW. A. Yauch y G. C. Fusco ; traducción Leandro Wolfson.
260 _aBuenos Aires :
_bCentro Regional de Ayuda Técnica,
_c1969.
300 _a128 p. ;
_c18 cm.
490 1 _aAlianza para el Progreso
534 _aTítulo del original inglés :
_tTeacher´s encyclopedia.
504 _aBibliografía seleccionada : 124 p.
504 _aBibliografía en castellano : 125-128 p.
700 1 _aWolfson, Leandro,
_etr.
_98683
700 1 _aFusco, G. C.
_948159
830 0 _aAlianza para el Progreso
_941672
049 _aBNGR
999 _c22876
_d22876